| 000 | 00930cam a22003014a 4500 | ||
|---|---|---|---|
| 999 |
_c91 _d91 |
||
| 001 | 16116794 | ||
| 003 | OSt | ||
| 005 | 20190918124753.0 | ||
| 008 | 100303r20092007enka 000 0 eng | ||
| 010 | _a 2010291543 | ||
| 015 |
_aGBA974084 _2bnb |
||
| 016 | 7 |
_a015336679 _2Uk |
|
| 020 | _a9780340985168 (pbk.) | ||
| 020 | _a034098516X (pbk.) | ||
| 035 | _a(OCoLC)ocn428776368 | ||
| 040 |
_aUKM _cUKM _dDLC |
||
| 042 | _alccopycat | ||
| 082 | 0 | 4 | _aQS17 E59h 2009 |
| 100 | 1 |
_aEllis, Harold; Logan, B. M.; Dixon, Adrian K. _d1926- _9267 |
|
| 245 | 1 | 0 |
_aHuman Sectional Anatomy : _bpocket atlas of body sections, CT and MRI images |
| 250 | _a3rd ed. | ||
| 260 |
_aLondon : _bHodder Arnold, _c2009. |
||
| 300 |
_axvii, 267 p. : _bcol.ill. ; _c25 cm. |
||
| 504 | _aIncludes bibliographical references and index. | ||
| 650 | 0 |
_aHuman anatomy atlas _9151 |
|
| 906 |
_a7 _bcbc _ccopycat _d2 _encip _f20 _gy-gencatlg |
||
| 942 |
_2z _cO_SHELF |
||